Risk Aversion Level Influence on Farmer’s Decision to Participate in Crop Insurance: A Review
Skúmanie dôvodov, ktoré vedú farmárov podieľať sa na poľnohospodárskom poistení v Indonézii. Použitie modelu logistickej regresie.
Guardado en:
| Autor principal: | |
|---|---|
| Otros Autores: | , |
| Formato: | Capítulo de libro |
| Lenguaje: | inglés |
| Materias: | |
| Etiquetas: |
Sin Etiquetas, Sea el primero en etiquetar este registro!
|
MARC
| LEADER | 00000naa a2200000 4500 | ||
|---|---|---|---|
| 001 | 0261951 | ||
| 005 | 20200130123111.3 | ||
| 041 | 0 | |a eng | |
| 044 | |a CZ | ||
| 245 | 1 | 0 | |a Risk Aversion Level Influence on Farmer’s Decision to Participate in Crop Insurance: A Review |c Rizky Yanuarti, Joni Murti Mulyo Aji, Mohammad Rondhi |
| 520 | |a Skúmanie dôvodov, ktoré vedú farmárov podieľať sa na poľnohospodárskom poistení v Indonézii. Použitie modelu logistickej regresie. | ||
| 610 | 2 | 0 | |a poľnohospodárstvo |
| 610 | 2 | 0 | |a poistenie |
| 610 | 2 | 0 | |a regresia |
| 610 | 2 | 0 | |a Indonézia |
| 100 | 1 | |a Yanuarti, Rizky | |
| 700 | 1 | |a Aji, Joni Murti Mulyo | |
| 700 | 1 | |a Rondhi, Mohammad | |